00475nam a2200181Ia 450000500170000000800410001702000150005804000190007304100120009208200150010410000190011924500450013825000120018326000320019530000090022765000470023685000100028320230208113445.0131103s9999 xx 000 0 und d a8170230411 aLoreto College aEnglish a820.9bDAI aDaiches, David 2aA critical history of english literature a2nd ed. aNew DelhibAllied Pubc1990 a4v.  aEnglish Literature - History and criticism aLCLIB